Score 0/25 Timer 06:00
2 Plays Today
Grid Location Movie % Correct
A Bug's Life
92.9%
Bad Teacher
86.6%
Blues Brothers
85.3%
Borat
80.3%
The Blind Side
74.5%
The Birds
70%
Basic Instinct
63.2%
Ben-Hur
62.7%
Bill and Ted's Excellent Adventure
60.7%
Billy Madison
57.1%
Blazing Saddles
56.4%
Beverly Hills Cop
55.6%
The Bourne Identity
52.3%
Grid Location Movie % Correct
Beetlejuice
45.9%
The Blair Witch Project
42.9%
Bonnie and Clyde
42%
BASEketball
40.3%
Being John Malkovich
38.9%
Black Hawk Down
35.6%
Blow
31.3%
Boondock Saints
28.7%
Brothers
25.9%
Burn After Reading
17.5%
The 'Burbs
17.2%
Be Kind, Rewind
13.2%
Remove Ads.
Support Sporcle.
Get the best of Sporcle when you Go Orange. This ad-free experience offers more features, more stats, and more fun while also helping to support Sporcle. Thank you for becoming a member.

You're not logged in!

Compare scores with friends on all Sporcle quizzes.
OR
Log In

Show Comments

Extras

Top Quizzes Today


Score Distribution

Your Account Isn't Verified!

In order to create a playlist on Sporcle, you need to verify the email address you used during registration. Go to your Sporcle Settings to finish the process.

Report this User

Report this user for behavior that violates our Community Guidelines.

Details: